Αισχύλος : ο πατέρας της τραγωδίας

Αποθηκεύτηκε σε:
Λεπτομέρειες βιβλιογραφικής εγγραφής
Κύριος συγγραφέας: Νικολαϊδου, Ελένη
Μορφή: Βιβλίο
Γλώσσα:Greek
Δημοσίευση: Αθήνα : Σαββάλας, 2002
Σειρά:Κλασσική βιβλιοθήκη. Αρχαίοι Έλληνες συγγραφείς ; ; 1
Θέματα:
Ετικέτες: Προσθήκη ετικέτας
Δεν υπάρχουν, Καταχωρήστε ετικέτα πρώτοι!

MARC

LEADER 00000nam a2200000 i 4500
001 1/28710
008 021112s2002 gre d
020 |a 960-460-813-4 
035 |l 10068665 
040 |a GR-MY-UA  |b gre  |e aacr 
041 0 |a gre 
082 0 |a 882.01 
100 1 |a Νικολαϊδου, Ελένη. 
245 1 0 |a Αισχύλος :  |b ο πατέρας της τραγωδίας /  |c Ελένη Νικολαϊδου 
260 |a Αθήνα :   |b Σαββάλας,   |c 2002 
300 |a 287 σ. 
490 1 |a Κλασσική βιβλιοθήκη. Αρχαίοι Έλληνες συγγραφείς  |v ; 1 
600 0 0 |a Αισχύλος,   |d 525-456 ή 5. 
650 0 0 |a Greek drama (Tragedy)  |x History and criticism. 
650 0 0 |a Mythology, Greek, in literature. 
830 0 |a Κλασσική βιβλιοθήκη. Αρχαίοι Έλληνες συγγραφείς ;  |v ; 1 
852 |a INST  |b RHODES  |e 20021112  |h 882.01 ΝΙΚ  |p 005400016024  |q 005400016024  |t BK  |y 0 
901 |a BIBL4-2003-1 
909 |a Ρ  |b 101501 
922 |a 4ΕΛΗ  |b 200210  |c ΒΙΒΛΙΟΘΗΚΗ  |d ΔΕΝΤΡΟ 
950 |a 094-2002-10-05 
970 |a ΚΟΥΛΑΚΙΟΤΗ  |b ΛΙΤΣΑ  |z 2003/01/20